Представление документа в формате MARC21

ПолеНазваниеЗначение
  Тип записи a
  Библиографический уровень m
001 Контрольный номер BIBLIOCLUB\0000727123
005 Дата корректировки 20260430154907.8
006 m o d
007 Элементы данных для физической характеристики c|||||||||||||
008 Кодируемые данные s2025 rus o rus d
020 Индекс ISBN __
a ISBN 978-5-9729-2610-7
041 Код языка издания 0_
a Код языка текста rus
084 Индекс другой классификации/Индекс ББК __
a Индекс другой классификации/Индекс ББК 22.16я73
b Номер единицы LBC/PL
2 Источник индекса rubbk
100 Автор 1_
a Автор Жуковская Т. В.
245 Заглавие 10
a Заглавие Введение в математический анализ. Дифференциальное исчисление функций одной переменной. Функции нескольких переменных. Интегральное исчисление функций одной переменной. Обыкновенные дифференциальные уравнения: решебник олимпиадных задач по математике для втузов
b Продолж. заглавия учебное пособие
c Ответственность Т. В. Жуковская, Е. А. Молоканова, А. Н. Пчелинцев
260 Выходные данные __
a Место издания Москва, Вологда
b Издательство Инфра-Инженерия
c Дата издания 2025
300 Физическое описание __
a Объем 276 с.
b Иллюстрации/ тип воспроизводства ил.
504 Библиография __
a Библиография Библиогр. в кн
653 Ключевые слова 1_
a Ключевые слова Учебник для высшей школы
700 Другие авторы _1
a Другие авторы Молоканова Е. А.
700 Другие авторы _1
a Другие авторы Пчелинцев А. Н.
856 Электронный адрес документа 40
3 Область применения данных поля Университетская библиотека ONLINE
u URL https://biblioclub.ru/index.php?page=book&id=727123
900 Электронные ресурсы __
a Имя электронного ресурса https://img.biblioclub.ru/sm_cover/029284c5ef6ee9e8b4ce8d31b9c9a1ad568xvgikd5/cover.jpg